नेपाल की राजनीतिक विरासत / (Record no. 11223)

MARC details
000 -LEADER
fixed length control field 01147 a2200217 4500
005 - DATE AND TIME OF LATEST TRANSACTION
control field 20080902113516.0
008 - FIXED-LENGTH DATA ELEMENTS--GENERAL INFORMATION
fixed length control field 080902t xxu||||| |||| 00| 0 hin d
010 ## - LIBRARY OF CONGRESS CONTROL NUMBER
LC control number HIN-82878
020 ## - INTERNATIONAL STANDARD BOOK NUMBER
International Standard Book Number 8189327585
Terms of availability 300.00
035 ## - SYSTEM CONTROL NUMBER
System control number HN-55224
037 ## - SOURCE OF ACQUISITION
Source of stock number/acquisition पु.प्र.अ.प्र/प्रका
082 ## - DEWEY DECIMAL CLASSIFICATION NUMBER
Classification number 954.61
100 ## - MAIN ENTRY--PERSONAL NAME
Personal name पुष्पराज, नलिन विनोद
245 ## - TITLE STATEMENT
Title नेपाल की राजनीतिक विरासत /
Statement of responsibility, etc नलिन विनोद पुष्पराज
246 ## - VARYING FORM OF TITLE
Title proper/short title Nepal ki Rajnitik Virasat
Remainder of title byNalin Binod Pushpraj
260 ## - PUBLICATION, DISTRIBUTION, ETC. (IMPRINT)
Place of publication, distribution, etc पटना
Name of publisher, distributor, etc विशाल पब्लिकेशन
Date of publication, distribution, etc 2008
270 ## - ADDRESS
Address कैलाश मार्केट, दरियापुर
City पटना
Postal code 800004
300 ## - PHYSICAL DESCRIPTION
Extent 223पृ
Dimensions 22 सेमी (सजिल्द)
942 ## - ADDED ENTRY ELEMENTS (KOHA)
Institution code [OBSOLETE] dpl
Koha item type Hindi Books
Call number prefix 954.61 / पुष्परा
Source of classification or shelving scheme Dewey Decimal Classification
Classification part 954.61
Call number suffix पुष्परा
Holdings
Withdrawn status Lost status Damaged status Not for loan Collection code Home library Current library Date acquired Cost, normal purchase price Total Checkouts Full call number Barcode Date last seen Copy number Uniform Resource Identifier Cost, replacement price Price effective from Koha item type
      Not For Loan Non-fiction D.B.Act.Division D.B.Act.Division 02/09/2008 300.00   954.61 पुष्परा HN-55224 15/09/2008 1 12332 300.00 15/09/2008 Hindi Books

© Delhi Public Library
Hit Counter
free hit counter